000 00268 a2200121 4500
001 64338
082 _a531 MEI
090 _c37974
_d37974
100 _aMeirovitch L
245 _aElements of vibration analysis
260 _aNY
_bMcGraw-Hill
_c1975
300 _a495 p
942 _aNUST-CAE
_k531 MEI
999 _c299411
_d299411